Proceedings of the Symposium on Time Series Analysis : held at Brown University, June 11-14, 1962 /
Guardado en:
| Autor Corporativo: | |
|---|---|
| Otros Autores: | |
| Formato: | Libro |
| Idioma: | English |
| Publicado: |
New York :
John Wiley and Sons,
c1963.
|
| Series: | The SIAM series in applied mathematics
|
| Etiquetas: |
Agregar Etiqueta
Sin Etiquetas, Sea el primero en etiquetar este registro!
|
| LEADER | 00728nam a22001815a 4500 | ||
|---|---|---|---|
| 001 | MAT.inmabb001256 | ||
| 008 | 031121s1963####nyu###########100#0#eng#d | ||
| 005 | 20160601174112.0 | ||
| 245 | 1 | 0 | |a Proceedings of the Symposium on Time Series Analysis : |b held at Brown University, June 11-14, 1962 / |c edited by Murray Rosenblatt. |
| 260 | |a New York : |b John Wiley and Sons, |c c1963. | ||
| 300 | |a xiv, 497 p. ; |c 26 cm. | ||
| 440 | 4 | |a The SIAM series in applied mathematics | |
| 510 | 4 | |a MR, |c 26 #3163 | |
| 111 | 2 | |a Symposium on Time Series Analysis |d (1962 : |c ???) | |
| 700 | 1 | |a Rosenblatt, Murray. |4 edt | |
| 084 | |a 62M10 (68-06) |2 msc2000 | ||
| 859 | |h 62 |i Sy989-1962 |p A-1467 |b BIB. MATEMATICA | ||
| 859 | |h 62 |i Sy989-1962 |p A-1662 |t Ej. 2 |b BIB. MATEMATICA | ||
